书目信息 |
| 题名: |
学校文化建设探微
|
|
| 作者: | 张四明 主编 | |
| 分册: | ||
| 出版信息: | 沈阳 辽海出版社 2019.04 |
|
| 页数: | 248页 | |
| 开本: | 21cm | |
| 丛书名: | ||
| 单 册: | ||
| 中图分类: | G637-53 | |
| 科图分类: | ||
| 主题词: | 中小学--校园文化--建设--应城--文集 | |
| 电子资源: | ||
| ISBN: | 978-7-5451-5315-6 | |
| 000 | 00849nam0 2200229 450 | |
| 001 | 0103152652 | |
| 005 | 20201103152731.0 | |
| 010 | @a978-7-5451-5315-6@dCNY48.00 | |
| 100 | @a20200622d2019 em y0chiy50 ea | |
| 101 | 0 | @achi |
| 102 | @aCN@b210000 | |
| 105 | @ay z 000yy | |
| 106 | @ar | |
| 200 | 1 | @a学校文化建设探微@Axue xiao wen hua jian she tan wei@e应城市学校文化建设成果荟萃@f张四明主编 |
| 210 | @a沈阳@c辽海出版社@d2019.04 | |
| 215 | @a248页@d21cm | |
| 330 | @a本书分为三辑:“报道:宣扬学校文化”“观点:引领学校文化”“经验:积累学校文化”;收录有:《文化浸润满园春》《崇尚厚德博学建设“三雅”学苑》《“相约二中”节目在校园文化中的作用》等。 | |
| 606 | 0 | @a中小学@x校园文化@x建设@y应城@j文集 |
| 690 | @aG637-53@v5 | |
| 701 | 0 | @a张四明@Azhang si ming@4主编 |
| 801 | 0 | @aCN@bBJSZM@c20201103 |
| 905 | @b1256751-5@dG637-53@e1754@f5 | |
| 学校文化建设探微:应城市学校文化建设成果荟萃/张四明主编.-沈阳:辽海出版社,2019.04 |
| 248页;21cm |
| ISBN 978-7-5451-5315-6:CNY48.00 |
| 本书分为三辑:“报道:宣扬学校文化”“观点:引领学校文化”“经验:积累学校文化”;收录有:《文化浸润满园春》《崇尚厚德博学建设“三雅”学苑》《“相约二中”节目在校园文化中的作用》等。 |
| ● |
| 相关链接 |
|
|
|
|
正题名:学校文化建设探微
索取号:G637-53/1754
 
预约/预借
| 序号 | 登录号 | 条形码 | 馆藏地/架位号 | 状态 | 备注 |
| 1 | 1256751 | 212567514 | 第一样本阅览室/ [索取号:G637-53/1754] | 在馆 | |
| 2 | 1256752 | 212567523 | 教育系资料室/ [索取号:G637-53/1754] | 在馆 | |
| 3 | 1256753 | 212567532 | 教育系资料室/ [索取号:G637-53/1754] | 在馆 | |
| 4 | 1256754 | 212567541 | 第四借阅区/ [索取号:G637-53/1754] | 在馆 | |
| 5 | 1256755 | 212567550 | 第四借阅区/ [索取号:G637-53/1754] | 在馆 |